| 000 | 01158 a2200229 4500 | ||
|---|---|---|---|
| 001 | 42790 | ||
| 005 | 20260407155714.0 | ||
| 008 | 260407a1984 arg spa d | ||
| 003 | AR-UNSa-BCEJYS | ||
| 040 |
_aAR-UNSa-BCEJYS _bspa _cAR-UNSa-BCEJYS |
||
| 080 |
_a330.342.21 _xEconomía sin desarrollo. Economía preindustrial. Subdesarrollo |
||
| 245 | 1 | 0 | _aLa teoría del subdesarrollo de la Cepal |
| 020 | _a968-23-0528-4 | ||
| 250 | _a4a. ed. | ||
| 264 | 1 |
_aMéxico : _bSiglo Veintiuno editores _c1984 |
|
| 300 |
_axiii, 361 p. _c20 cm. |
||
| 505 | _a1. La concepción del sistema centro-periferia - 2. La teoría del deterioro de los términos del intercambio - 3. La interpretación de la industrialización periférica - 4. El deterioro de los términos del intercambio y la industrialización sustitutiva - 5. El ámbito de la política económica - 6. El enfoque estructuralista de la inflación - 7. Análisis de los obstáculos estructurales al desarrollo - 8. Las críticas desde la perspectiva ortodoxa - 9. Síntesis y crítica | ||
| 041 | _aspa | ||
| 942 | _cBK | ||
| 590 | _aniveau_biblio:m niveau_hierar:0 | ||
| 100 | 1 | _aRodríguez, Octavio | |
| 999 |
_c3644 _d3644 |
||